000 00369nam a2200133Ia 4500
008 230917s9999||||xx |||||||||||||| ||und||
040 _e159262
_aMAIN
041 _aEnglish
082 _a519.287 N153A
100 _aNandal, Pramjit
245 0 _aAnalysis of Reliability Models with priority, maximum operation time and a spare unit
300 _a148 p.
942 _cTH
999 _c125265
_d125265